Quick Pick: Real or Fake Battles Quiz Stats

 Plays Quiz Updated Oct 7, 2017

Challenge
Share
Tweet
Embed
Score 0/12 Timer 01:00
5 Plays Today
% Correct
Bunker Hill
95.3%
Saratoga
88.6%
Chickasaw Bayou
83.9%
Trafalgar
80%
La Prairie
72.4%
Paducah
68.5%
Brest
68.1%
Busan
66%
The Night of Sorrows
64.5%
Crooked Billet
63.9%
Dimbos
35.7%
Shirts
32.6%

Today's Daily Dose

You're not logged in!

Compare scores with friends on all Sporcle quizzes.
Join for Free
OR
Log In

You Might Also Like...

Show Comments

Extras

Top Quizzes Today


Score Distribution

Your Account Isn't Verified!

In order to create a playlist on Sporcle, you need to verify the email address you used during registration. Go to your Sporcle Settings to finish the process.

Report this User

Report this user for behavior that violates our Community Guidelines.

Details: